Tribhuvan University Central Library

ल्वहं द्य : (Record no. 120258)

MARC details
000 -LEADER
fixed length control field 00623nam a22001577a 4500
008 - FIXED-LENGTH DATA ELEMENTS--GENERAL INFORMATION
fixed length control field 250214b |||||||| |||| 00| 0 eng d
020 ## - INTERNATIONAL STANDARD BOOK NUMBER
International Standard Book Number 9789937150455
082 ## - DEWEY DECIMAL CLASSIFICATION NUMBER
Edition number 23rd
Classification number Ne895.49
Item number Pr421l
100 1# - MAIN ENTRY--PERSONAL NAME
Personal name प्रधान, अपर्णा
9 (RLIN) 37281
241 ## - ROMANIZED TITLE (BK AM CF MP MU VM)
Romanized title Lohan dhya : chibakhan muna / Arpana Pradhan.
245 ## - TITLE STATEMENT
Title ल्वहं द्य :
Remainder of title चिबाखं मुना /
Statement of responsibility, etc. अपर्णा प्रधान.
260 ## - PUBLICATION, DISTRIBUTION, ETC.
Place of publication, distribution, etc. भक्तपुर :
Name of publisher, distributor, etc. कुत:पिकाक,
Date of publication, distribution, etc. २०२२.
300 ## - PHYSICAL DESCRIPTION
Extent xvii, 72p.
650 ## - SUBJECT ADDED ENTRY--TOPICAL TERM
Topical term or geographic name entry element नेवारी साहित्य
9 (RLIN) 37164
942 ## - ADDED ENTRY ELEMENTS (KOHA)
Source of classification or shelving scheme Dewey Decimal Classification
Koha item type ISBN
Holdings
Withdrawn status Lost status Source of classification or shelving scheme Damaged status Not for loan Home library Current library Date acquired Total Checkouts Full call number Barcode Date last seen Price effective from Koha item type
    Dewey Decimal Classification     Tribhuvan University Central Library Tribhuvan University Central Library 02/14/2025   Ne895.49 Pr421l IS27673 02/14/2025 02/14/2025 ISBN
    Dewey Decimal Classification     Tribhuvan University Central Library Tribhuvan University Central Library 02/14/2025   Ne895.49 Pr421l IS27674 02/14/2025 02/14/2025 ISBN